|
|
|
|
| LEADER |
01105nam a2200241 a 4500 |
| 001 |
00023969 |
| 008 |
111211s2008 enk 000 0 eng d |
| 020 |
|
|
|a 9789937204729
|
| 040 |
|
|
|a BD-DhAAL
|c BD-DhAAL
|
| 082 |
0 |
0 |
|a 333.91/00954
|2 22
|
| 245 |
0 |
0 |
|a Beyond construction :
|b use by all
|
| 260 |
|
|
|a WaterAid :
|b London,
|c 2008.
|
| 300 |
|
|
|a viii, 400 p. ;
|c 23 cm.
|
| 500 |
|
|
|a a collection of case studies from sanitation and hygiene promotion practitioners in South Asia.
|
| 541 |
1 |
|
|e 00023969
|
| 650 |
|
0 |
|a Water resources development
|z South Asia.
|
| 650 |
|
0 |
|a Sanitation
|z South Asia.
|
| 710 |
2 |
|
|a IRC International Water and Sanitation Centre
|
| 710 |
2 |
|
|a WaterAid
|
| 852 |
1 |
|
|a James P. Grant School of Public Health (JPGSPH)
|
| 999 |
|
|
|c 11591
|d 11591
|
| 952 |
|
|
|0 0
|1 0
|2 ddc
|4 0
|6 333_910095400000000_BEY
|7 0
|9 18857
|a JPGSPH
|b JPGSPH
|d 2011-12-11
|e School of Public Helath
|l 0
|o 333.9100954 BEY
|p 3060023969
|r 2011-12-13
|t 1
|w 2011-12-13
|y BK
|
| 952 |
|
|
|0 0
|1 0
|2 ddc
|4 0
|6 333_910095400000000_BEY
|7 0
|9 18858
|a JPGSPH
|b JPGSPH
|d 2011-12-11
|e School of Public Helath
|l 0
|o 333.9100954 BEY
|p 3060023970
|r 2011-12-13
|t 2
|w 2011-12-13
|y BK
|